Comportamiento humano en el trabajo

Uloženo v:
Podrobná bibliografie
Hlavní autor: Newstrom, John W. (autor)
Médium: Kniha
Jazyk:španělština
Vydáno: Ciudad de México McGraw-Hill 2011
Vydání:2a. ed
Témata:
Tagy: Přidat tag
Žádné tagy, Buďte první, kdo vytvoří štítek k tomuto záznamu!

MARC

LEADER 00000cam a2200000 a 4500
001 UCG8950
003 CL-VaPUC
005 20241121110711.0
008 120120e20110000MX |||||||||||||||||spa|d
999 |c 346536  |d 346534 
020 |a 9786071506139 
040 |c Pontificia Universidad Católica de Valparaíso 
082 0 4 |a 658.3  |b NEW  |2 21 
100 |a Newstrom, John W.  |e autor  |9 311857 
245 1 0 |a Comportamiento humano en el trabajo 
250 |a 2a. ed 
260 |a Ciudad de México  |b McGraw-Hill  |c 2011 
300 |a 547 p 
583 |a last modification  |c 20160307 01:08:44  |k Rodrigo Vera 
650 0 |a Conducta colectiva  |9 892935  |x Organizaciones 
650 0 |a Organizaciones  |9 894029  |x Conducta  |x Motivación 
650 0 |a Organizaciones  |9 893167  |x Conducta 
650 0 |a Liderazgo  |9 271835 
942 |c BK  |2 ddc 
945 |d 20120120 00:00:00  |a cmena 
952 |0 0  |1 0  |4 0  |6 658_300000000000000_NEW_2011  |7 0  |8 R  |9 447269  |a BIBENE  |b BIBENE  |d 2019-11-22  |i 4834755  |l 3  |o 658.3 NEW 2011  |p 4834755  |r 2025-01-15  |s 2023-03-13  |w 2019-11-22  |y BK_R  |k ICO